000 01110nam a22002297a 4500
003 St Aloysius Coll
005 20260418152506.0
008 260418b |||||||| |||| 00| 0 eng d
040 _cAL
041 _aEnglish
082 _a362.10954
_bDSOH
100 _aClaret Dsouza
_9262182
245 _aHealth food and public policy
_b: an indian perspective
260 _aGhaziabad
_bP&P Academy
_c2025
300 _a312p.
_bPB
_c24x18.4cm
365 _2General
520 _aFood and Health: A Public Policy Perspective in India examines the deep connections between nutrition, public health, and policymaking in India. Addressing challenges like malnutrition, lifestyle diseases, food security, and healthcare access, the book blends research, case studies, and policy analysis. It highlights India’s journey from the Green Revolution to current reforms, offering pathways toward sustainable, inclusive, and health-focused policies for the future.
600 _2Indian Subcontinent
_aSocial Sciences
_9262183
700 _aBasil, Hans V
_9262184
700 _aSajimon P P
_9262185
942 _2ddc
_cBK
999 _c241304
_d241304